|
|
|
|
| LEADER |
00000cam a2200000 7i4500 |
| 001 |
0000002474 |
| 005 |
20151222.0 |
| 008 |
070712 |
| 020 |
|
|
|a 9838805386
|
| 020 |
|
|
|a 9838805424(set)
|
| 090 |
0 |
0 |
|a JF
|b AD MAL (2662)
|
| 100 |
0 |
|
|a Rema bin Mostam
|
| 245 |
1 |
0 |
|a Siapa bunuh Jymmy?
|c Rema bin Mostam
|
| 260 |
|
|
|a Selangor :
|b Eddiplex ,
|c 2002
|
| 440 |
|
0 |
|a Siri cerita memburu penjenayah
|
| 500 |
|
|
|a Children ages 7-9 years old (orange)
|
| 650 |
|
0 |
|a Detective stories, Malay
|
| 650 |
|
0 |
|a Malay fiction
|
| 710 |
0 |
|
|a Series
|
| 710 |
0 |
|
|a Title
|
| 999 |
|
|
|a 0000875893
|b Book
|c Children Collection
|e Cawangan Mersing
|
| 999 |
|
|
|a 0000875895
|b Book
|c Children Collection
|e Cawangan Segamat
|
| 999 |
|
|
|a 0000875898
|b Book
|c Children Collection
|e Cawangan Pontian
|
| 999 |
|
|
|a 0000969560
|b Book
|c Children Collection
|e Perbadanan Perpustakaan Awam Johor
|
| 999 |
|
|
|a 0000969562
|b Book
|c Children Collection
|e Cawangan Batu Pahat
|
| 999 |
|
|
|a 0000969564
|b Book
|c Children Collection
|e Cawangan Bandar Penawar
|
| 999 |
|
|
|a 0001051970
|b Book
|c Children Collection
|e Cawangan Bandar Penawar
|
| 999 |
|
|
|a 0001052238
|b Book
|c Children Collection
|e Cawangan Bukit Gambir
|
| 999 |
|
|
|a 0001052239
|b Book
|c Children Collection
|e Cawangan Tangkak
|